Области Республики Казахстан и их столица - Statistics

General Stats
  • This quiz has been taken 1 119 times
    1 015 since last reset
  • The average score is 11 of 17
Answer Stats
Субъекты Столица % Correct
Карагандинская область Караганда
77%
Западно казахстанская область Уральск
76%
Северо казахстанская область Петропавловск
75%
Алматинская область Конаев
74%
Костанайская область Костанай
74%
Туркестанская область Туркестан
74%
Павлодарская область Павлодар
73%
Атырауская область Атырау
72%
Актюбинская область Актобе
71%
Кызылординская область Кызылорда
70%
Восточно-казахстанская область Усть Каменогорск
69%
Абайская область Семей
65%
Акмолинская область Кокшетау
63%
Мангистауская область Актау
53%
Жамбылская область Тараз
52%
Улытауская область Жезказган
44%
Жетысуская область Талдыкорган
40%
No matching quizzes found
Score Distribution
Percent of People with Each Score
Percentile by Number Answered
Your Score History
You have not taken this quiz since the last reset